Les mardis de Dār el-Salām.

محفوظ في:

مؤلف مشترك: Dār al-Salām (Center)

التنسيق: كتاب

اللغة: French
Arabic

منشور في: Le Caire : [Dār al-Salām lil-Nashr], 1951-

الموضوعات:

الوسوم: إضافة وسم

لا توجد وسوم, كن أول من يضع وسما على هذه التسجيلة!

رقم الطلب: ( J )BP172 .D37

LEADER 01049nam a2200289Ia 4500
003 OSt
005 20240623093216.0
008 130303u19uuuuuuua p 000 0 fre d
952 |0 0  |1 0  |2 lcc  |3 1951.  |4 0  |7 1  |9 30689  |a ARCE  |b ARCE  |d 2022-01-25  |l 0  |o ( J )BP172 .D37  |r 2022-01-25 00:00:00  |w 2022-01-25  |y BK 
999 |c 29279  |d 29279 
040 |c ARCE Library 
041 0 |a fre  |a ara  |h ara 
050 4 |a ( J )BP172 .D37  
130 0 |a Aḥādīth al-thalāthāʼ bi-Dār al-Salām.  |l French. 
245 1 4 |a Les mardis de Dār el-Salām. 
264 1 |a Le Caire :  |b [Dār al-Salām lil-Nashr],  |c 1951- 
300 |a volumes ;  |c 24 cm. 
310 |a Annual. 
500 |a Volumes for <1951> published with Arabic original. 
546 |a French or Arabic. 
588 |a Description based on : 1951; title from cover. 
650 0 |a Christianity and other religions  |x Islam  |v Periodicals. 
650 0 |a Islam  |x Relations  |x Christianity  |v Periodicals. 
650 0 |a Philosophy, Comparative  |v Periodicals. 
710 2 |a Dār al-Salām (Center) 
901 |a reviewed 
942 |c JL  |2 lcc